कुबेरनाथ राय (Record no. 12638)

MARC details
000 -LEADER
fixed length control field 03919 a2200385 4500
005 - DATE AND TIME OF LATEST TRANSACTION
control field 20080822171258.0
008 - FIXED-LENGTH DATA ELEMENTS--GENERAL INFORMATION
fixed length control field 080822t xxu||||| |||| 00| 0bhin d
010 ## - LCCN (DPL NO)
LC control number HIN-84045 B-307122-127
020 ## - INTERNATIONAL STANDARD BOOK NUMBER
Terms of availability 25.00
International Standard Book Number 8126025239
035 ## - SYSTEM CONTROL NUMBER
System control number HN-56391 B-307122-127
037 ## - SOURCE OF ACQUISITION
Stock number DBAD / PUB नार्थ इंडिया(वितरक)
040 ## - CATALOGING SOURCE
Original cataloging agency DPL
Language of cataloging HN
082 ## - DEWEY DECIMAL CLASSIFICATION NUMBER
Classification number 820.92
100 ## - MAIN ENTRY--PERSONAL NAME
Personal name तिवारी, विश्वनाथ प्रसाद
245 ## - TITLE STATEMENT
Title कुबेरनाथ राय
Statement of responsibility, etc विश्वनाथ प्रसाद तिवारी
246 ## - VARYING FORM OF TITLE
Title proper/short title Kubernath Rai
Remainder of title by Vishvanath Prasad Tiwari
260 ## - PUBLICATION, DISTRIBUTION, ETC. (IMPRINT)
Place of publication, distribution, etc नई दिल्ली
Name of publisher, distributor, etc साहित्य अकादेमी
Date of publication, distribution, etc 2007
270 ## - ADDRESS
Address रवीन्द्र भवन, 35 फीरोजशाह मार्ग
City नई दिल्ली
Postal code 110001
270 ## - ADDRESS
City दिल्ली
300 ## - PHYSICAL DESCRIPTION
Extent 102पृ
Dimensions 22 सेमी (अजिल्द)
490 ## - SERIES STATEMENT
Series statement भारतीय साहित्य के निर्माता
600 ## - SUBJECT ADDED ENTRY--PERSONAL NAME
Personal name राय, कुबेरनाथ
General subdivision जीवनी
600 ## - SUBJECT ADDED ENTRY--PERSONAL NAME
Personal name Rai, Kubernath
General subdivision Biography
650 ## - SUBJECT ADDED ENTRY--TOPICAL TERM
Topical term or geographic name as entry element हिन्दी साहित्य
General subdivision इतिहास एवं समालोचना
650 ## - SUBJECT ADDED ENTRY--TOPICAL TERM
Topical term or geographic name as entry element Hindi lierature
General subdivision History and criticism
942 ## - ADDED ENTRY ELEMENTS (KOHA)
Institution code [OBSOLETE] dpl
Item type Hindi Books
Source of classification or shelving scheme Dewey Decimal Classification
Classification part 820.92
Call number suffix तिवारी
Holdings
Withdrawn status Lost status Damaged status Not for loan Collection code Home library Current library Date acquired Source of acquisition Cost, normal purchase price Total Checkouts Full call number Barcode Date last seen Copy number Cost, replacement price Koha item type Source of classification or shelving scheme
        Non-fiction Central Library Central Library 24/04/2009 नार्थ इंडिया पब्लि.एण्ड डिस्ट्री./एन 246/08/314/4.9.08/22.10.08 25.00   820.092 तिवारी B-307122 24/04/2009 1 25.00 Hindi Books Dewey Decimal Classification
      Not For Loan Non-fiction D.B.Act.Division D.B.Act.Division 22/08/2008 DBAD / PUB 25.00   820.92 तिवारी HN-56391 15/09/2008 1 25.00 Hindi Books  
        Non-fiction Karol Bagh Karol Bagh 24/04/2009 नार्थ इंडिया पब्लि.एण्ड डिस्ट्री./एन 246/08/314/4.9.08/22.10.08 25.00   820.092 तिवारी B-307127 24/04/2009 1 25.00 Hindi Books Dewey Decimal Classification
        Non-fiction Mobile Library Mobile Library 24/04/2009 नार्थ इंडिया पब्लि.एण्ड डिस्ट्री./एन 246/08/314/4.9.08/22.10.08 25.00   820.092 तिवारी B-307123 24/04/2009 2 25.00 Hindi Books Dewey Decimal Classification
        Non-fiction Mobile Library Mobile Library 24/04/2009 नार्थ इंडिया पब्लि.एण्ड डिस्ट्री./एन 246/08/314/4.9.08/22.10.08 25.00   820.092 तिवारी B-307124 24/04/2009 2 25.00 Hindi Books Dewey Decimal Classification
        Non-fiction Patel Nagar Patel Nagar 24/04/2009 नार्थ इंडिया पब्लि.एण्ड डिस्ट्री./एन 246/08/314/4.9.08/22.10.08 25.00   820.092 तिवारी B-307125 24/04/2009 1 25.00 Hindi Books Dewey Decimal Classification
        Non-fiction Sarojini Nagar Sarojini Nagar 24/04/2009 नार्थ इंडिया पब्लि.एण्ड डिस्ट्री./एन 246/08/314/4.9.08/22.10.08 25.00   820.092 तिवारी B-307126 24/04/2009 1 25.00 Hindi Books Dewey Decimal Classification

© Delhi Public Library
Hit Counter
free hit counter